100 Greatest British Artists Of All Time - Statistics

General Stats
  • This quiz has been taken 201 times
  • The average score is 50 of 100
Answer Stats
Rank Most Famous Work Artist / Band % Correct
8 Bohemian Rhapsody Queen
99%
1 Abbey Road The Beatles
98%
13 Ex-Beatles John Lennon
95%
14 Ex-Beatles Paul McCartney
94%
18 Goodbye Yellow Brick Road Elton John
93%
5 Ziggy Stardust David Bowie
92%
45 Wonderwall Oasis
92%
4 Dark Side of the Moon Pink Floyd
92%
72 Ex-Beatles Ringo Starr
87%
84 Wake Me Up before You Go-Go Wham!
87%
41 In The Air Tonight Phil Collins
85%
10 London Calling The Clash
84%
7 My Generation The Who
84%
62 Viva La Vida Coldplay
83%
29 Back to Black Amy Winehouse
82%
20 All Things Must Pass George Harrison
82%
3 Exile on Main St. The Rolling Stones
82%
17 Nevermind the Bollocks The Sex Pistols
80%
74 21 Adele
79%
6 Paranoid Black Sabbath
79%
39 Brothers in Arms Dire Straits
78%
65 Wannabe Spice Girls
78%
30 Rumours Fleetwood Mac
77%
9 OK Computer Radiohead
77%
12 You Really Got Me The Kinks
77%
25 Faith George Michael
76%
42 House of the Rising Sun The Animals
76%
2 IV Led Zeppelin
75%
23 Smoke on the Water Deep Purple
74%
54 Bitter Sweet Symphony The Verve
71%
15 The Queen is Dead The Smiths
70%
76 Hungry Like the Wolf Duran Duran
67%
70 Invisible Touch Genesis
67%
75 West End Girls Pet Shop Boys
66%
19 Wonderful Tonight Eric Clapton
65%
67 Grease's actress Olivia Newton-John
65%
98 Smooth Operator Sade
63%
33 Parklife Blur
62%
77 Bands on the Run Wings
62%
90 Kiss From a Rose Seal
61%
81 Ex-Smiths Morrissey
59%
51 Ace of Spades Motörhead
58%
66 It's Not Unusual Tom Jones
57%
43 The Number of the Beast Iron Maiden
55%
91 Eurythmics' singer Annie Lennox
53%
69 Son Of A Preacher Man Dusty Springfield
53%
27 Blue Monday New Order
53%
79 Fairytale of New York The Pogues
50%
59 Hysteria Def Leppard
49%
58 Solsburry Hill Peter Gabriel
49%
82 Goldfinger's theme song Shirley Bassey
48%
61 Town Called Malice The Jam
48%
32 Disintegration The Cure
47%
46 The Crimson Court King Crimson
44%
16 Disraeli Gears Cream
42%
53 Aqualung Jethro Tull
41%
11 Unknown Pleasures Joy Division
41%
24 Hounds of Love Kate Bush
40%
83 Downtown Petula Clark
40%
35 I Wanna Be Adored The Stone Roses
40%
22 Astral Weeks Van Morrison
40%
56 Dire Straits' guitarist Mark Knopfler
38%
55 Wild World Cat Stevens
37%
28 Violator Depeche Mode
37%
64 Roundabout Yes
37%
57 Ever Fallen in Love (With Someone You Shouldn't've)? Buzzcocks
35%
60 Golden Brown The Stranglers
34%
37 No More Tears Ozzy Osbourne
33%
26 Avalon Roxy Music
33%
31 Different Class Pulp
32%
99 A Message To You Rudy The Specials
32%
44 British Steel Judas Priest
30%
88 If You Tolerate This Your Children Will Be Next Manic Street Preachers
28%
47 The Time of the Season The Zombies
28%
87 Making Plans For Nigel XTC
28%
85 Thank You Dido
26%
80 The Killing Moon Echo & The Bunnymen
26%
63 Ritchie Blackmore's Rainbow Rainbow
26%
52 Heaven or Las Vegas Cocteau Twins
24%
49 Mezzanine Massive Attack
24%
36 Dummy Portishead
23%
86 Beautiful Ones Suede
22%
40 Pink Moon Nick Drake
20%
34 Electric Warrior T.Rex
20%
48 The Boy with the Arab Strap Belle & Sebastian
17%
50 She Elvis Costello
17%
38 Heart Full of Soul The Yardbirds
16%
96 The Exorcist's soundtrack Mike Oldfield
15%
78 Just Like Honey The Jesus & Mary Chain
15%
89 Ex-Velvet Underground John Cale
14%
95 Only Love Can Hurt Like This Paloma Faith
13%
71 Entertainment! Gang of Four
12%
68 Those were the days Mary Hopkin
12%
92 From Russia With Love Matt Monro
10%
94 Spellbound Siouxsie and the Banshees
10%
93 Avril 14th Aphex Twin
9%
21 This Mess We're in PJ Harvey
9%
100 Vapour Trail Ride
7%
73 The Old Man's Back Again Scott Walker
4%
97 All The Times I Cried Sharleen Spiteri
2%
No matching quizzes found
Score Distribution
Percent of People with Each Score
Percentile by Number Answered
Your Score History
You have not taken this quiz